| 000 | 00983cam a22002895a 4500 | ||
|---|---|---|---|
| 001 | 12892607 | ||
| 005 | 20161208110314.0 | ||
| 008 | 150518t2015 nyua frb 001 0 eng d | ||
| 020 | _a9781259252907 | ||
| 020 | _a1259252906 | ||
| 040 |
_aEG-ScBUE _beng _cEG-ScBUE _dEG-ScBUE |
||
| 082 | 0 | 4 |
_222 _a615.1 _bBAS |
| 245 | 0 | 0 |
_aBasic & clinical pharmacology / _c[edited by] Bertram G. Katzung, Anthony J. Trevor. |
| 246 | 3 | 0 | _aBasic and clinical pharmacology |
| 250 | _a13th ed., International ed. | ||
| 260 |
_aNew York : _bMcGraw-Hill Education, _cc.2015. |
||
| 300 |
_axi, 1203 p. : _bill. ; _c28 cm. |
||
| 490 | 0 | _aMcGraw-Hill's AccessMedicine | |
| 490 | 0 | _aLange medical book | |
| 504 | _aIncludes bibliographical references and indexes. | ||
| 650 | 7 |
_aClinical pharmacology. _2BUEsh _938454 |
|
| 650 | 7 |
_aPharmacology. _2BUEsh _912590 |
|
| 653 |
_bPPhrm _cDecember2016 |
||
| 700 | 1 |
_aKatzung, Bertram G., _eeditor. |
|
| 700 | 1 |
_aTrevor, Anthony J., _eeditor. |
|
| 942 | _2ddc | ||
| 999 |
_c23514 _d23486 |
||